=LDR 00000nam 2200000 4500 =001 INLIS000000000002524 =005 20130612090844 =008 ***********************************Ind** =035 ##$$0010-061300000002524 =041 ##$$a Ind =082 ##$$a 616.852 7 =090 ##$$a 616.852 7, Keo m =100 ##$$a McKeon, Patrick =245 ##$$a Menghadapi depresi dan elasi, Patrick McKeon; Alih bahasa, FX.Budiyanto =260 ##$$a 1992 $b Jakarta =300 ##$$a v,125 hlm, ilus, 21 cm =650 ##$$a Depresi Mental =700 ##$$a Budiyanto,FX =850 ##$$a NBPNMAT